Les Aménagements des Territoires Ultramarins. - Statistiques

Statistiques générales
  • Ce quiz a été pris 29 fois
  • Le résultat moyen est 7 sur 14
Statistiques - réponses
Question Réponse % Correct
2/2. Le Tourisme.
85%
Quelle organisation de l' Union Européenne a pour objectif de financer les aménagements, afin de réduire les écarts régionaux? La FEDER ( Fonds Économiques du Développement Régional).
80%
Quelle DROM COM du Sud de l' Afrique est parvenu à construire une route autour de son littoral, bien que sa construction ait été contestée? La Réunion.
80%
Que signifie "R.U.P", territoire marqué par un éloignement du continent européen et des difficultés économiques? Région UltraPériphérique.
75%
Entre quelle île et quel pays le pont d' Oyapock a - t' il été construit, permettant ainsi la liaison des îles de l'archipel au continent Sud-Américain? La Guyane et le Brésil.
60%
Quel est le classement de la Z.E.E (Zone Économique Exclusive) de la France? 2ème position.
55%
Quelle est la position de la majorité des DROM COM par rapport aux latitudes tropicales? Elles se situent en dessous.
45%
Quel est le nom donné à la situation d'une île éloignée / isolée des terres continentales? L' Insularité.
45%
Comment pourrions - nous décrire l'application des Lois Françaises au sein des DROM COM? Elles s'appliquent pleinement.
35%
Pour les deux questions suivantes, veuillez sélectionner les principales activités économiques des DROM COM. 1/2. Les fonctions publiques.
35%
Qu'est - ce que la Discontinuité Géographique? Rupture géographique liée à une frontière ou à une distance.
35%
Quel aménagement a- t - été construit en Guadeloupe, permettant le développement du tourisme, activité principale fondamentale au développement de l' économie de la région? Un Terminal de Croisière.
35%
Quel était le projet d'aménagement de Mayotte, précédant l'arrivée du Cyclone? La Rénovation du Centre - Ville.
25%
Quelle catégorie de migrants sont attirés par les DROM COM, de par le soutien financier de la métropole et de l' Union Européenne? Les Clandestins.
15%
Aucun quiz correspondant
Distribution des résultats
% des personnes avec chaque résultat
Percentile par nombre de réponses
Votre historique - résultats
Vous n’avez pas pris ce quiz